000
00296nam a2200145Ia 4500
100
_a
Gottfried /Byron S.
250
_a
3
942
_c
BK
654
_a
basic
245
_a
Programming with basic
260
_b
Mc Graw Hill
_a
Bombay
_c
1986
300
_a
386
546
_a
ENGLISH
999
_c
32191
_d
32191